| 000 | 00575nam a2200145 a 4500 | ||
|---|---|---|---|
| 001 | 4688 | ||
| 003 | CDMR | ||
| 005 | 20151102140003.0 | ||
| 008 | 130130s1988||||||||||||||||||||||||||||d | ||
| 040 |
_aCDMR _bcat _cCDMR |
||
| 110 | 2 |
_91066 _aCol·legi de Periodistes de Catalunya _b -- Demarcació de Tarragona |
|
| 245 | 1 | 0 |
_aGuia de la comunicació 1988 _b: Alt Camp, Baix Camp, Baix Ebre, Baix Penedès, Conca de Barberà, Priorat, Ribera d'Ebre, Tarragonès, Terra Alta |
| 260 |
_aTarragona _c1988 _bCol·legi de Periodistes de Catalunya. Demarcació de Tarragona |
||
| 942 |
_cMON _2udc |
||
| 999 |
_c4688 _d4688 |
||